Préfectures de France : La Rochelle - Statistiques

Statistiques générales
  • Ce quiz a été pris 54 fois
  • Le résultat moyen est 18 sur 31
Statistiques - réponses
Question Réponse % Correct
Quel numéro porte celui-ci ? 17
100%
De quel département est-ce la préfecture ? Charente-Maritime
98%
Les îles au large se nomment Oléron
96%
Les îles au large se nomment
96%
Comment se nomment ses habitants ? Rochelais | Rochelaises
96%
Le journal local est Sud-{Ouest}
94%
La ville appartient à l'académie de Poitiers
92%
A quelle région administrative appartient la ville depuis 2015 ? Nouvelle Aquitaine
84%
Quelles sont les sous-préfectures qui en dépendent ? Saintes
82%
A quelle région administrative appartenait-elle auparavant ? Poitou-Charente
80%
Quelles sont les sous-préfectures qui en dépendent ? Rochefort
78%
Les îles au large se nomment Aix
76%
La couleur de fond de son blason est le/l' bleu
73%
La couleur de fond de son blason est le/l' rouge
69%
Les communes limitrophes sont Aytré
61%
La ville est la capitale historique de la province d'/de Aunis
59%
Les îles au large se nomment Madame
55%
Quelles sont les sous-préfectures qui en dépendent ? Jonzac
45%
Les communes limitrophes sont Lagord
45%
Quelles sont les sous-préfectures qui en dépendent ? Saint-Jean-d'Angély
45%
La ville est située près du pertuis d'{Antioche}
41%
La ville appartient au diocèse de/d' La Rochelle
39%
Les communes limitrophes sont Périgny
39%
Les communes limitrophes sont Puilboreau
39%
Les communes limitrophes sont L'Houmeau
31%
La cathédrale est dédiée à St {Louis}
22%
Ville non européenne jumelée avec la ville (4 possible) Essaouira | New Rochelle | Santiago de Figueiro | Akko
16%
La principale gare a été mise en service en 1891
6%
Le service de mise à disposition de bicyclettes est appelé les {vélos jaunes}
6%
Ville européenne jumelée avec la ville (2 possible) Lubeck | Petrozavodsk
4%
Un véhicule sans chauffeur y a été testé, il s'appelait Citymobil
2%
Aucun quiz correspondant
Distribution des résultats
% des personnes avec chaque résultat
Percentile par nombre de réponses
Votre historique - résultats
Vous n’avez pas pris ce quiz